000 00332nam a2200121Ia 4500
008 190216s9999||||xx |||||||||||||| ||und||
100 _aManoje Basu
245 0 _aTrappings Of Gold
260 _bOrient Paper Books
_c1977
300 _a228p
650 _aEnglish Stories-English Stories-English Stories-English Stories
942 _cBK
999 _c12170
_d12170